愛回到最初
| 資料類型: | 圖書 | 書目號: | 35574 |
Leader xxxxxxxxxx 001 __ PCLIS0001015064 005 __ 20220222153322.0 010 0_ |a986-133-093-3|b精裝|dNT$299 100 __ |a20051007d2005 m y0chiy09 e 101 0_ |achi 102 __ |atw 105 __ |aa z 000zy 200 1_ |a愛回到最初|dReflection of love|f光禹作 205 __ |a典藏版 210 __ |a臺北市|c圓神出版|c叩應總經銷|d2005[民94] 215 0_ |a287面|c圖|d22公分|e1 CD 225 1_ |a光禹系列精裝典藏版|v11 225 1_ |a光禹系列|v11 300 __ |a本館館藏典藏版序號為第09741號 510 1_ |aReflection of love|zeng 681 __ |a857.61|b865 681 __ |a857.61|b8650 88 700 _1 |a光禹|4作 801 _0 |atw|b內湖高中|c20051007|gCCR |